00870nam a2200217Ii 45000010005000000030009000050080041000140400033000550410008000880820019000961000040001152450135001552640063002903000012003533360026003653370028003913380027004199400050004469990017004969520139005138363CO-ViMGA241108s9999||||xx |||||||||||||| ||und|| aCO-ViMGAbspaerdacCO-ViMGA0 aspa04a343.0143 S231p1 aFrancisco de Paula Santander94694810aProceso seguido al general Francisco de Paula Santander, por consecuencia del acontecimiento de la noche del 25 septiembre de 1828 1aBogotá, Colombia : Academia Colombiana de historia, 1978 avolumen atextbtxt2rdacontent aunmediatedbn2rdamedia avolumebnc2rdacarrier aidficha_siabuc: 8172. -- ficha_no_siabuc:8363 c41527d41527 001040708001aMEVIGERRbMEVIGERRcGENd2006-11-27o343.0143 S231ppECA8572r2024-11-26 08:56:16tEj.1w2024-11-26yBKz8172 | 11431